Medzinárodný obchod a mobilita výrobných faktorov

Otázka nastolenia rovnováhy, t.j. rovnovážneho množstva a ceny produkcie a výrobných faktorov v podmienkach medzinárodného obchodu. Analýza možných situácií, ktoré vyplývajú z nedokonalostí medzinárodného obchodu a obmedzenosti pohybu výrobných faktorov. Autor sa zameriava na skutočnosť, že základn...

Ausführliche Beschreibung

Gespeichert in:
Bibliographische Detailangaben
1. Verfasser: Darmo, Ľubomír, 1984-
Format: Buchkapitel
Sprache:Slowakisch
Schlagworte:
Tags: Tag hinzufügen
Keine Tags, Fügen Sie das erste Tag hinzu!

MARC

LEADER 00000nla$a2200000$$$4500
001 0123547
005 20240502072407.7
041 0 |a slo 
044 |a SK 
245 1 0 |a Medzinárodný obchod a mobilita výrobných faktorov  |c Ľubomír Darmo 
520 |a Otázka nastolenia rovnováhy, t.j. rovnovážneho množstva a ceny produkcie a výrobných faktorov v podmienkach medzinárodného obchodu. Analýza možných situácií, ktoré vyplývajú z nedokonalostí medzinárodného obchodu a obmedzenosti pohybu výrobných faktorov. Autor sa zameriava na skutočnosť, že základnou prekážkou medzinárodného obchodu je clo. Z toho dôvodu skúma hľadanie rovnováhy na trhu statkov ako aj trhu výrobných faktorov po uvalení cla, jednou z krajín zapojených do medzinárodného obchodu. 
610 2 0 |a obchod medzinárodný 
610 2 0 |a pohyb kapitálu 
610 2 0 |a faktory výrobné 
610 2 0 |a clá 
100 1 |a Darmo, Ľubomír, 1984-